Top 10 Tennis Grand Slam French Men's Players in Open Era - Statistics

General Stats
  • This quiz has been taken 165 times
  • The average score is 6 of 10
Answer Stats
# Player Best Performance Points % Correct
1 Jo-Wilfried Tsonga Final 47
89%
3 Gaël Monfils Semifinals 33
87%
4 Richard Gasquet Semifinals 30
82%
2 Yannick Noah Win (1) 34
80%
10 Gilles Simon Quarterfinals 13
62%
5 Henri Leconte Final 28
40%
6 Cédric Pioline Final 27
34%
7 Sébastien Grosjean Semifinals 24
33%
8 Arnaud Clément Final 17
28%
9 Guy Forget Quarterfinals 17
25%
No matching quizzes found
Score Distribution
Percent of People with Each Score
Percentile by Number Answered
Your Score History
You have not taken this quiz